| 000 | 00422cam a22001337a 4500 | ||
|---|---|---|---|
| 008 | 180718b1965 xxu||||| |||| 00| 0 eng d | ||
| 082 | _aXA04x42 M551 | ||
| 100 | _aMerrett, A.J. | ||
| 245 |
_aHousing finance and development: an analysis and a programme for reform _cby A.J. Merrett and Allen Sykes |
||
| 260 |
_aLondon _bLongmans, Green _c1965 |
||
| 300 | _aix, 127p. | ||
| 650 | _aHousing finance | ||
| 700 | _aSykes, Allen | ||
| 999 |
_c436424 _d436424 |
||